Business process management : (Record no. 11545)
[ view plain ]
| 000 -LEADER | |
|---|---|
| fixed length control field | 01164cam a22003134a 4500 |
| 001 - CONTROL NUMBER | |
| control field | 14514260 |
| 005 - DATE AND TIME OF LATEST TRANSACTION | |
| control field | 20201128020748.0 |
| 008 - FIXED-LENGTH DATA ELEMENTS--GENERAL INFORMATION | |
| fixed length control field | 060823s2006 xxua b 001 0 eng |
| 010 ## - LIBRARY OF CONGRESS CONTROL NUMBER | |
| LC control number | 2006281201 |
| 020 ## - INTERNATIONAL STANDARD BOOK NUMBER | |
| International Standard Book Number | 9783540735212 |
| 040 ## - CATALOGING SOURCE | |
| Original cataloging agency | DLC |
| Transcribing agency | DLC |
| 050 00 - LIBRARY OF CONGRESS CALL NUMBER | |
| Classification number | HD58.87 |
| Item number | .B869 2006 |
| 082 ## - DEWEY DECIMAL CLASSIFICATION NUMBER | |
| Edition number | 20 |
| Classification number | 658.4032 |
| Item number | WES |
| 245 00 - TITLE STATEMENT | |
| Title | Business process management : |
| Remainder of title | Concepts, Languages, Architecture / |
| Statement of responsibility, etc | Mathias Weske. |
| 246 14 - VARYING FORM OF TITLE | |
| Title proper/short title | Business process management, modeling through monitoring using WebSphere V6 products |
| 260 ## - PUBLICATION, DISTRIBUTION, ETC. (IMPRINT) | |
| Place of publication, distribution, etc | Berlin: |
| Name of publisher, distributor, etc | Springer, |
| Date of publication, distribution, etc | c.2007. |
| 300 ## - PHYSICAL DESCRIPTION | |
| Extent | xxii, 368 p. : |
| Other physical details | ill. ; |
| Dimensions | 23 cm. |
| 490 0# - Series Statement | |
| Series statement | IBM redbooks |
| 500 ## - GENERAL NOTE | |
| General note | Includes Index. |
| 504 ## - BIBLIOGRAPHY, ETC. NOTE | |
| Bibliography, etc | Includes bibliographical references and index. |
| 630 00 - SUBJECT ADDED ENTRY--UNIFORM TITLE | |
| Uniform title | WebSphere. |
| 9 (RLIN) | 4785 |
| 650 #0 - SUBJECT ADDED ENTRY--TOPICAL TERM | |
| Topical term or geographic name as entry element | Reengineering (Management) |
| 9 (RLIN) | 4786 |
| 650 #0 - SUBJECT ADDED ENTRY--TOPICAL TERM | |
| Topical term or geographic name as entry element | Workflow |
| General subdivision | Management. |
| 9 (RLIN) | 4787 |
| 650 #0 - SUBJECT ADDED ENTRY--TOPICAL TERM | |
| Topical term or geographic name as entry element | Business |
| General subdivision | Data processing |
| -- | Management. |
| 9 (RLIN) | 4788 |
| 655 ## - INDEX TERM--GENRE/FORM | |
| -- | 2196 |
| Genre/form data or focus term | Business Process Modelling- year 2. |
| Form subdivision | |
| General subdivision | Computer Science |
| Chronological subdivision | Semester 2. 2008/2009 |
| 700 1# - ADDED ENTRY--PERSONAL NAME | |
| Personal name | Wahli, Ueli. |
| 9 (RLIN) | 4789 |
| 942 ## - ADDED ENTRY ELEMENTS (KOHA) | |
| Source of classification or shelving scheme | Dewey Decimal Classification |
| Item type | Book - Borrowing |
| Withdrawn status | Item status | Source of classification or shelving scheme | Damaged status | Not for loan | Vendor | Home library | Current library | Shelving location | Date acquired | Source of acquisition | Total Checkouts | Total Renewals | Full call number | Barcode | Date last seen | Date last borrowed | Koha item type |
|---|---|---|---|---|---|---|---|---|---|---|---|---|---|---|---|---|---|
| Dewey Decimal Classification | Baccah | Central Library | Central Library | First floor | 18/05/2009 | 7 | 30 | 658.4032 WES | 000016133 | 15/07/2025 | 06/12/2020 | Book - Borrowing | |||||
| Dewey Decimal Classification | Baccah | Central Library | Central Library | First floor | 18/05/2009 | 658.4032 WES | 000016132 | 15/07/2025 | NB - Book (Non borrowing) |